Word Ladder: North American Capital Quiz Stats

Quiz Updated Jun 14, 2015

Challenge
Share
Tweet
Embed
Score 0/11 Timer 01:00
6 Plays Today
Hint 4-Letter % Correct
Movement of airWIND
95.1%
Undesirable plantWEED
94.2%
What you plant in order to grow flowersSEED
93.7%
Put one foot forwardSTEP
92.6%
Ooze intoSEEP
89.1%
Affectionate or sympatheticKIND
88.2%
A hearty meaty concoction served in a bowlSTEW
87.5%
To direct one's courseWEND
85.6%
Put into storage on a shipSTOW
84.2%
First half of the capital of Jamaica◄KING►
81.2%
Second half of the capital of Jamaica◄STON►
72.7%

Today's Daily Dose

Quick Pick
Brass Quintet

On This Day
May 22nd II

You're not logged in!

Compare scores with friends on all Sporcle quizzes.
Join for Free
OR
Log In

You Might Also Like...

Show Comments

Extras

Top Quizzes Today


Score Distribution

Your Account Isn't Verified!

In order to create a playlist on Sporcle, you need to verify the email address you used during registration. Go to your Sporcle Settings to finish the process.

Report this User

Report this user for behavior that violates our Community Guidelines.

Details: